| 000 | 01282nam a2200349 i 4500 | ||
|---|---|---|---|
| 001 | 000020164 | ||
| 003 | DO-SdBNP | ||
| 005 | 20260521073716.0 | ||
| 007 | ta | ||
| 008 | 100726s2005 dr abc 000 0 spa d | ||
| 020 | _z8484001792 | ||
| 040 |
_aDO-SdBNP _bspa _cBNPHU _erda |
||
| 041 | _aspa | ||
| 082 | 4 |
_a920.72 _bM671g 2005 _222 |
|
| 100 | 1 |
_aGalván, William _eautor _4aut. _91505 |
|
| 245 | 1 | 0 |
_aMinerva Mirabal : _bhistoria de una heroína / _cWilliam Galván; prólogo, Mu-Kien Adriana Sang. |
| 250 | _aCuarta edición | ||
| 264 |
_aSanto Domingo, República Dominicana : _bCPEP, _c2005. |
||
| 300 |
_a350 páginas : _bilustraciones, mapa ; _c24 cm. |
||
| 336 |
_atexto _btxt _2rdacontent |
||
| 337 |
_asin mediación _bn _2rdamedia |
||
| 338 |
_avolumen _bnc _0rdacarrier |
||
| 490 | 1 |
_aComisión Permanente de Efemérides Patrias _v6 |
|
| 500 | _aIncluye notas al pie de páginas. | ||
| 590 | _aInventariado, 2022/BT | ||
| 600 | 1 | 0 |
_a Mirabal, Minerva, _d1926-1960 _9919 |
| 650 | 4 |
_aMujeres en la política _zRepública Dominicana _96586 |
|
| 700 | 1 |
_aSang, Mu-Kien A. _d1955- _q(Mu-Kien Adriana) _eprologuista _4pr. _9331 |
|
| 830 | 0 |
_aComisión Permanente de Efemérides Patrias _v6 _91012 |
|
| 910 | _aValidado. Control de calidad MMOLINA | ||
| 942 |
_2ddc _cLBS1 |
||
| 999 |
_c19671 _d19671 |
||